Schaum's outline of theory and problems of introduction to computer science / (Record no. 176544)
[ view plain ]
| 000 -LEADER | |
|---|---|
| fixed length control field | 00974 a2200181 4500 |
| 003 - CONTROL NUMBER IDENTIFIER | |
| control field | Nust |
| 005 - DATE AND TIME OF LATEST TRANSACTION | |
| control field | 20220722085258.0 |
| 020 ## - INTERNATIONAL STANDARD BOOK NUMBER | |
| International Standard Book Number | 0070995727 |
| 040 ## - CATALOGING SOURCE | |
| Transcribing agency | Nust |
| 082 ## - DEWEY DECIMAL CLASSIFICATION NUMBER | |
| Classification number | 004,SCH |
| 100 ## - MAIN ENTRY--PERSONAL NAME | |
| Personal name | Scheid, Francis |
| 245 ## - TITLE STATEMENT | |
| Title | Schaum's outline of theory and problems of introduction to computer science / |
| Statement of responsibility, etc. | Francis Scheid |
| 260 ## - PUBLICATION, DISTRIBUTION, ETC. | |
| Place of publication, distribution, etc. | Singapore |
| Name of publisher, distributor, etc. | Mc Graw Hill |
| Date of publication, distribution, etc. | 1983 |
| 300 ## - PHYSICAL DESCRIPTION | |
| Extent | 281p. |
| 505 ## - FORMATTED CONTENTS NOTE | |
| Miscellaneous information | Information Processing (Page-1), Boolean Algebra (Page-11), Special Purpose Boolean Machines (Page-26), computer Design (Page-48), Machine Language (Page-89), Programming Languages (Page-106), Introduction to Fortran (Page-113), Arrays (Page-145), Sorting (Page-164), Classifying (Page-177), Scheduling (Page-188), Subprograms (Page-201), Logical Computations (Page-224), Thinking Learning and Intelligence (Page-240), Further Fortran (Page-254), Library Subprograms (Page-261), Bibliography (Page-263). |
| 650 ## - SUBJECT ADDED ENTRY--TOPICAL TERM | |
| Topical term or geographic name entry element | COmputer Science |
| 942 ## - ADDED ENTRY ELEMENTS (KOHA) | |
| Source of classification or shelving scheme | |
| Koha item type | Book |
| Call number prefix | 004,SCH |
| Withdrawn status | Lost status | Source of classification or shelving scheme | Damaged status | Not for loan | Permanent Location | Current Location | Shelving location | Date acquired | Full call number | Barcode | Date last seen | Price effective from | Koha item type | Public note |
|---|---|---|---|---|---|---|---|---|---|---|---|---|---|---|
| Military College of Signals (MCS) | Military College of Signals (MCS) | General Stacks | 12/12/2016 | 004,SCH | MCS2505 | 12/08/2016 | 12/12/2016 | Book | Almirah No. 1, Shelf No. 5 | |||||
| Military College of Signals (MCS) | Military College of Signals (MCS) | General Stacks | 12/12/2016 | 004,SCH | MCS30555 | 12/08/2016 | 12/12/2016 | Book | Almirah No. 1, Shelf No. 5 | |||||
| Military College of Signals (MCS) | Military College of Signals (MCS) | General Stacks | 12/12/2016 | 004,SCH | MCS3426 | 12/08/2016 | 12/12/2016 | Book | Almirah No. 1, Shelf No. 5 |
